Dilapidations (Record no. 108376)

MARC details
000 -LEADER
fixed length control field 01544cad a2200301 4500
001 - CONTROL NUMBER
control field L144096
008 - FIXED-LENGTH DATA ELEMENTS--GENERAL INFORMATION
fixed length control field 080616s2008 xxk f 000 0 eng u
020 ## - INTERNATIONAL STANDARD BOOK NUMBER
International Standard Book Number 9781842194034
035 ## - SYSTEM CONTROL NUMBER
System control number (Sirsi) u144096
041 0# - LANGUAGE CODE
Language code of text/sound track or separate title eng
050 04 - LIBRARY OF CONGRESS CALL NUMBER
Classification number 346.410434 $2 18
110 2# - MAIN ENTRY--CORPORATE NAME
Corporate name or jurisdiction name as entry element Royal Institution of Chartered Surveyors
9 (RLIN) 4900
245 00 - TITLE STATEMENT
Title Dilapidations
Remainder of title RICS guidance note
Medium [electronic resource]
250 ## - EDITION STATEMENT
Edition statement 5th ed.
260 ## - PUBLICATION, DISTRIBUTION, ETC.
Place of publication, distribution, etc. London
Name of publisher, distributor, etc. RICS
Date of publication, distribution, etc. 2008
300 ## - PHYSICAL DESCRIPTION
Extent vi, 60p.
Dimensions 30cm.
350 ## - PRICE (NR) (BK AM CF MU VM SE) [OBSOLETE]
Price 25
490 #0 - SERIES STATEMENT
Series statement RICS Guidance Note
520 ## - SUMMARY, ETC.
Summary, etc. The fifth edition of this RICS guidance note, which has been updated to take into account the new Civil Procedure Rules. Considers: best practice in dilapidations instructions; constraints on surveyors; differing claims at the end of and during the term; types of schedule and problem areas; damages and other areas; the correct layout and content of the schedule; effective dialogue between parties and resolving disputes.
520 ## - SUMMARY, ETC.
Summary, etc. Practical features include: text of the Property Litigation Association Protocol; sample schedules; example of a Scott schedule and relevant statutory information.
520 ## - SUMMARY, ETC.
Summary, etc. Supersedes fourth edition (ISBN 184219075X).
590 ## - LOCAL NOTE (RLIN)
Local note KA
651 #4 - SUBJECT ADDED ENTRY--GEOGRAPHIC NAME
Geographic name England and Wales
Chronological subdivision 1543-
690 ## - LOCAL SUBJECT ADDED ENTRY--TOPICAL TERM (OCLC, RLIN)
Topical term or geographic name as entry element PROPERTY-LEASEHOLD PROPERTY-LANDLORD AND TENANT-DILAPIDATIONS
856 41 - ELECTRONIC LOCATION AND ACCESS
Uniform Resource Identifier <a href="https://www.rics.org/Global/Downloads/dilapidationsV5_2008.pdf">https://www.rics.org/Global/Downloads/dilapidationsV5_2008.pdf</a>
Public note View the guidance free of charge (member-only content) at www.rics.org/guidance...
942 ## - ADDED ENTRY ELEMENTS (KOHA)
Suppress in OPAC 0
Holdings
Withdrawn status Lost status Source of classification or shelving scheme Damaged status Not for loan Home library Current library Shelving location Date acquired Total Checkouts Full call number Barcode Date last seen Copy number Price effective from Koha item type
    Dewey Decimal Classification     London London Books 26/06/2008   RICS 2008/22 30074859 06/08/2019 1 06/08/2019 Reference material
    Dewey Decimal Classification     London London RICS Boxes 26/06/2008   RICS 2008/22 30074858 06/08/2019 2 06/08/2019 Archive
    Dewey Decimal Classification     London London RICS Boxes 04/04/2014   RICS 2008/22 30074861 06/08/2019 4 06/08/2019 Book
    Dewey Decimal Classification     Virtual Virtual Online 16/06/2008   ONLINE PUBLICATION 144096-2001 06/08/2019 1 06/08/2019 Book